01043 2200205 4500245005800000020002200058250001500080100002100095700001700116700002600133700002700159650002100186005001900207260002700226041001400253084000800267300002600275500052700301336000900828 aPengerjaan Logam dengan MesincSchonmetz, AloishText a978-979-665-801-5 aEd. Revisi aSchonmetz, Alois aSinnl, Peter aEddy D. Hardjapamekas aTim Penyunting Angkasa aPengerjaan Logam a20231003140049 aBandungbAngkasac2013 aIndonesia a669 avi, 352 hlm. :cilus. aBuku ini merupakan salah satu bagian dari rangkaian buku pengetahuan kejuruan untuk pengerjaan logam. Secara terperinci, buku ini membahas tentang cara pengerjaan logam dengan menggunakan mesin. Uraian buku ini tentang cara kerja, konstruksi, sifat, serta perilaku yang biasa ditemukan ketika menggarap pengerjaan logam menggunakan mesin yang seringkali rumit sehingga ditemukannya penurunan persamaan-persamaan matematika yang mudah dimengerti secara langsung dari rangkaian proses pengerjaan untuk memudahkan pengerjaan. atext